| 000 | 01396nam0a2200361 i 4500 | ||
|---|---|---|---|
| 001 | RU\NLR\BIBL_A\010260314 | ||
| 005 | 20241103094850.0 | ||
| 010 | _a9785905048456 | ||
| 021 |
_aRU _b2014-3581 _9217 |
||
| 035 | _a(NILC)RuMoRGB-006736249 | ||
| 035 | _a(NLR Aleph) 010260314 | ||
| 090 |
_a10455503 _c10455503 |
||
| 100 | _a20140320d2012 um y0rusy50 ca | ||
| 101 | 1 |
_arus _ceng |
|
| 102 | _aRU | ||
| 105 | _aa|||z|||000yy | ||
| 200 | 1 |
_aКнига рекламных концепций _eсначала идея, потом дизайн _eполное руководство по разработке креативных идей, стратегий и кампаний _fПит Барри _g[пер. с англ.: Стативка Анна] |
|
| 205 | _a[Перераб. и доп. 2-е изд.] | ||
| 210 |
_aСанкт-Петербург _cDITON _d2012 _dcop. 2013 |
||
| 215 |
_a296 с. _cил., портр. _d24 |
||
| 225 | 1 | _aВпервые на русском языке | |
| 300 | _aБиблиогр.: с. 291 | ||
| 320 | _aУказ.: с. 292-296 | ||
| 606 |
_aРеклама _9997735 _3RU\NLR\AUTH\6660116 |
||
| 686 | 1 | _aЧ600.0 | |
| 686 | 1 | _aУ5-803.81 | |
| 700 | 1 |
_aБарри _bП. _gПит |
|
| 801 | 0 |
_aRU _bРГБ _c20140210 _gRCR |
|
| 801 | 1 |
_aRU _bРГБ _c20140210 _2rusmarc |
|
| 942 | _cBOOK | ||
| 980 | _aNBR | ||